Leader xxxxxxxxxx
001 __ PCLIS00046021
005 __ 20210512092331.0
010 0_ |a978-986-6157-93-6|b第1冊 : 平裝|dNT$129
010 0_ |a978-986-6157-94-3|b第2冊 : 平裝|dNT$250
010 0_ |a978-986-6157-95-0|b第3冊 : 平裝|dNT$250
010 0_ |a978-986-319-008-0|b第4冊 : 平裝|dNT$250
010 0_ |a978-986-319-009-7|b第5冊 : 平裝|dNT$250
010 0_ |a978-986-319-010-3|b第6冊 : 平裝|dNT$250
010 0_ |a978-986-319-043-1|b第7冊 : 平裝|dNT$250
010 0_ |a978-986-319-054-7|b第8冊 : 平裝|dNT$250
010 0_ |a978-986-319-059-2|b第9冊 : 平裝|dNT$250
010 0_ |a978-986-319-074-5|b第10冊 : 平裝|dNT$250
100 __ |a20130414d20122013m y0chiy09 e
101 0_ |achi
102 __ |atw
105 __ |aaf z 000ay
200 1_ |a特殊傳說|i新版|dThe unique legend|zeng|f護玄著|g紅麟插畫
205 __ |a初版
210 __ |a臺北市|c蓋亞文化出版|a新北市新店區|c聯合總經銷|d2012-2013[民101-102]
215 0_ |a10冊|c圖, 圖版|d20公分
225 2_ |a悅讀館|vRE271-RE280
327 _1 |v1,|a1, 不存在的學園|v2,|a2, 大競技會的起始|v3,|a3, 闇之競賽|v4,|a4, 湖之鎮的對決|v5,|a5, 水之妖精|v6,|a6, 塵封的祕密|v7,|a7, 不為人知的故事|v8,|a8, 開始一切的序幕|v9,|a9, 消逝的重要之物|v10,|a10, 那之後......<學院篇>完
510 _1 |aThe unique legend|zeng
517 1_ |a學院篇完|zchi
517 1_ |a不存在的學園|zchi
517 1_ |a大競技會的起始|zchi
517 1_ |a闇之競賽|zchi
517 1_ |a湖之鎮的對決|zchi
517 1_ |a水之妖精|zchi
517 1_ |a塵封的祕密|zchi
517 1_ |a不為人知的故事|zchi
517 1_ |a開始一切的序幕 |